El mundo de Juana Torres novela
Sparad:
| Huvudupphovsman: | |
|---|---|
| Materialtyp: | Okänd |
| Språk: | Spanish |
| Publicerad: |
San José, Costa Rica
Editorial Costa Rica
1985
|
| Ämnen: | |
| Taggar: |
Lägg till en tagg
Inga taggar, Lägg till första taggen!
|
MARC
| LEADER | 000000000a22000000004500 | ||
|---|---|---|---|
| 001 | 000155 | ||
| 007 | ta | ||
| 008 | 140424s1985 cr |||g |||| 000 f spa d | ||
| 020 | |a 9977232342 | ||
| 041 | 0 | |a español | |
| 082 | |a CR863.4 A694m | ||
| 100 | 1 | |a Argüello Segura, Carlos Luis |d 1928- | |
| 245 | 1 | 3 | |a El mundo de Juana Torres |b novela |c Carlos Luis Argüello |
| 260 | |a San José, Costa Rica |b Editorial Costa Rica |c 1985 | ||
| 300 | |a 153 páginas | ||
| 500 | |a número de inscripción 13287, 00010 | ||
| 650 | 4 | |a LITERATURA COSTARRICENSE |x NOVELA |9 13 | |
| 942 | |2 ddc |c BK | ||
| 999 | |c 989 |d 989 | ||



